Sports Quiz

Random Sports or Clickable Quiz

1992 Dream Team Minefield Quiz Stats

 Plays Quiz Updated Jan 25, 2017

Support Sporcle.
Go Orange.
Score 0/12 Timer 02:00
3 Plays Today
% Correct
???
75.2%
???
71.2%
???
69.6%
???
69%
???
64.3%
???
63.3%
???
63.2%
???
60.9%
???
56.6%
???
55.5%
???
53.8%
???
53.5%

You're not logged in!

Compare scores with friends on all Sporcle quizzes.
OR
Log In
Forgot?

From the Vault

Words With a Double 'N'

by caramba

What's that old saying? "Two N's are better than one," or something like that...
Remove Ads.
Support Sporcle.
Get the best of Sporcle when you Go Orange. This ad-free experience offers more features, more stats, and more fun while also helping to support Sporcle. Thank you for becoming a member.

Show Comments

Extras

Top Quizzes Today


Score Distribution

Your Account Isn't Verified!

In order to create a playlist on Sporcle, you need to verify the email address you used during registration. Go to your Sporcle Settings to finish the process.

Report this User

Report this user for behavior that violates our Community Guidelines.

Details: